| 000 | 01075nam a2200301 a 4500 | ||
|---|---|---|---|
| 001 | 63213 | ||
| 003 | BD-RjUL | ||
| 005 | 20211209081154.0 | ||
| 008 | 170129r19731939nyua 001 0beng d | ||
| 020 | _a0846217236 | ||
| 035 | _a(BD-RjUL)63342 | ||
| 040 |
_aDLC _cDLC _dDLC _beng |
||
| 041 | _aeng | ||
| 082 | 0 | 0 |
_a923.242 _bMAE 1973 |
| 100 | 1 |
_aMagnus, Philip Montefiore, _d1906- _9188147 |
|
| 245 | 0 | 0 |
_aEdmund Burke : _ba life / _cby Sir Philip Magnus. |
| 260 |
_aNew York, _bRussell & Russell _c1939 [Reissued 1973] |
||
| 300 |
_axiii, 367 p. : _bill. ; _c23 cm. |
||
| 500 | _aReprint of the 1939 ed. published by J. Murray, London. | ||
| 504 | _aBibliography: p. 351-355. and index | ||
| 600 | 1 | 0 |
_aBurke, Edmund, _d1729-1797. _9188152 |
| 650 | 0 |
_aPolitical scientists _zGreat Britain _xBiography. _9186942 |
|
| 650 | 0 |
_aStatesmen _zGreat Britain _xBiography. _9188149 |
|
| 650 | 0 |
_aOrators _zGreat Britain _xBiography. _9188150 |
|
| 651 | 0 |
_aGreat Britain _xPolitics and government _y18th century. _9188151 |
|
| 942 |
_2ddc _cBK |
||
| 999 |
_c63213 _d63213 |
||